Central Library OPAC University of Rajshahi

মানিক বন্দ্যোপাধ্যায়ের সমাজ জিজ্ঞাসা / (Record no. 41727)

MARC details
000 -LEADER
fixed length control field 00956nam a2200241 a 4500
001 - CONTROL NUMBER
control field 41727
003 - CONTROL NUMBER IDENTIFIER
rucl marc code BD-RjUL
005 - DATE AND TIME OF LATEST TRANSACTION
control field 20211209053435.0
008 - FIXED-LENGTH DATA ELEMENTS--GENERAL INFORMATION
fixed length control field 160605s1978 ii ||||| |||| 00| 0 ben d
020 ## - INTERNATIONAL STANDARD BOOK NUMBER
Terms of availability : IRs.25.00
035 ## - SYSTEM CONTROL NUMBER
System control number (BD-RjUL)41845
040 ## - CATALOGING SOURCE
Original cataloging agency BD-RjUL
Language of cataloging ben
Transcribing agency BD-RjUL
041 ## - LANGUAGE CODE
Language code of text/sound track or separate title ben
082 ## - DEWEY DECIMAL CLASSIFICATION NUMBER
Edition number 23
Classification number 891.4409
Author mark and year BAM 1978
100 ## - MAIN ENTRY--PERSONAL NAME
Personal name বসু, নিতাই
9 (RLIN) 126845
245 10 - TITLE STATEMENT
Title মানিক বন্দ্যোপাধ্যায়ের সমাজ জিজ্ঞাসা /
Statement of responsibility, etc. নিতাই বসু
260 ## - PUBLICATION, DISTRIBUTION, ETC. (IMPRINT)
Place of publication, distribution, etc. কলকাতা :
Name of publisher, distributor, etc. সঞ্জয় প্রকাশন,
Date of publication, distribution, etc. ১৯৭৮
300 ## - PHYSICAL DESCRIPTION
Pagination [১৪], ৩৩১ পৃ. :
Illustrations চিত্র ;
Size ২১ সেমি.
500 ## - GENERAL NOTE
General note পরিশিষ্ট
650 ## - SUBJECT ADDED ENTRY--TOPICAL TERM
Topical term or geographic name as entry element বাংলা সাহিত্য
Form subdivision ইতিহাস ও সমালোচনা
9 (RLIN) 117445
Topical term or geographic name as entry element Bengali literature
Form subdivision History and Criticism
9 (RLIN) 128181
942 ## - ADDED ENTRY ELEMENTS (KOHA)
Source of classification or shelving scheme Dewey Decimal Classification
Koha item type Books
Holdings
Lost status Source of classification or shelving scheme Damaged status Not for loan Collection code Permanent Location Current Location Shelving location Date acquired Source of acquisition Cost, normal purchase price Total Checkouts Full call number Checked out Date last seen Date checked out Copy number Koha item type
  Dewey Decimal Classification     Non-fiction Central Library, University of Rajshahi Central Library, University of Rajshahi   07/12/1983 Tiulip enterprise, Dhaka. 25.00 5 B 891.4409 BAM 1978 08/06/2026 20/05/2026 20/05/2026 C-2 Books